01823 2200205 4500001001900000005001500019035001800034007000300052008003900055082000700094084001300101100001800114245018100132250001000313260004600323520120600369600001201575990001501587990001501602INLIS000000000997520260511085015 a0010-03260217ta260511 | | |  a51 a51 RES a0 aRESMON LUSIUS1 aAnalisis Tingkat Kerusakan Jalan dengan Metode Bina Marga dan Metode Pavement Condition Index (Pci) Ruas Jalan Puruk Cahu - Tanah Siang Selatan / RESMON LUSIUS /cRESMON LUSIUS aCet 1 aPalangka Raya :bPerpustakaan UMPR,c2026 aRuas Jalan Puruk Cahu - Tanah Siang Selatan merupakan akses transportasi penting bagi masyarakat kota Puruk Cahu dan sekitarnya. Namun, jalan ini mengalami kerusakan yang signifikan, seperti retak tepi, retak memanjang, lobang, dan pelepasan butiran. Oleh sebab itu sebelum bertambah parah, dipandang perlu untuk melakukan Penelitian mengenai Tingkat kerusakan yang terjadi di ruas jalan ini. Penelitian ini bertujuan untuk menganalisis tingkat kerusakan jalan menggunakan Metode Bina Marga dan Metode Pavement Condition Index (PCI). Penelitian ini menggunakan data primer dan sekunder yang diperoleh dari survei lapangan dan instansi terkait. Hasil analisis menunjukkan bahwa Urutan Prioritas (UP) menggunakan Metode Bina Marga adalah 10, yang berarti jalan ini memiliki prioritas pemeliharaan yang rendah. Sementara itu, nilai PCI adalah 78,6, yang berarti jalan ini memiliki kondisi yang sangat baik. Hasil penelitian ini dapat digunakan sebagai acuan untuk perencanaan pemeliharaan jalan yang lebih efektif dan efisien. Selain itu, penelitian ini juga dapat membantu meningkatkan kesadaran masyarakat akan pentingnya pemeliharaan jalan untuk meningkatkan keselamatan dan kenyamanan pengguna jalan. 4aSKRIPSI a2451131143 a2451131143